[Event "SV Wattenscheid 1 - Bahn-SC Wuppertal 1"]
[Site "Oberliga NRW 2016/2017"]
[Date "2016.09.25"]
[Round "1.7"]
[White "Tueckmantel, Rene"]
[Black "Schroeder, Wilfried"]
[Result "1/2-1/2"]
[WhiteElo "2126"]
[BlackElo "2164"]
[PlyCount "27"]
[EventDate "2016.??.??"]
[WhiteTeam "Bahn-SC Wuppertal 1"]
[BlackTeam "SV Wattenscheid 1"]

1. c4 e6 2. g3 Nf6 3. Bg2 d5 4. Nf3 Be7 5. O-O O-O 6. d4 b6 7. Qc2 Bb7 8. Bf4
c5 9. dxc5 Bxc5 10. Nbd2 Nc6 11. a3 Bd6 12. Bxd6 Qxd6 13. cxd5 Qxd5 14. e4
1/2-1/2

[Event "SV Wattenscheid 1 - Bahn-SC Wuppertal 1"]
[Site "Oberliga NRW 2016/2017"]
[Date "2016.09.25"]
[Round "1.8"]
[White "Gohla, Ulf"]
[Black "Werbeck, Torsten"]
[Result "1-0"]
[WhiteElo "2100"]
[BlackElo "2051"]
[PlyCount "35"]
[EventDate "2016.??.??"]
[WhiteTeam "SV Wattenscheid 1"]
[BlackTeam "Bahn-SC Wuppertal 1"]

1. d4 Nf6 2. c4 c5 3. d5 e6 4. Nc3 exd5 5. cxd5 d6 6. e4 g6 7. Bd3 Bg7 8. h3
O-O 9. Nf3 b5 10. Bxb5 Nxe4 11. Nxe4 Qa5+ 12. Nfd2 Qxb5 13. Nxd6 Qd3 14. N2e4
Qxd1+ 15. Kxd1 Ba6 16. Nxc5 Rd8 17. Nxa6 Rxd6 18. Nc7 1-0

[Event "SG Porz 2 - Klub Kölner SF 1"]
[Site "Oberliga NRW 2016/2017"]
[Date "2016.09.25"]
[Round "1.1"]
[White "Tugui, Adrian"]
[Black "Lutz, Christopher"]
[Result "0-1"]
[WhiteElo "2356"]
[BlackElo "2457"]
[PlyCount "82"]
[EventDate "2016.??.??"]
[WhiteTeam "Klub Kölner SF 1"]
[BlackTeam "SG Porz 2"]

1. d4 Nf6 2. Bg5 e6 3. e4 h6 4. Bxf6 Qxf6 5. c3 d6 6. Bd3 g5 7. Ne2 h5 8. Nd2
Nd7 9. Nc4 a6 10. O-O Bh6 11. f4 gxf4 12. Nxf4 Bxf4 13. g3 b5 14. Rxf4 Qh6 15.
Na5 e5 16. Rf2 h4 17. Qf3 Qg7 18. Raf1 hxg3 19. Qxf7+ Qxf7 20. Rxf7 gxh2+ 21.
Kh1 Nf8 22. Nc6 Ng6 23. Rxc7 Bd7 24. Rf6 Nf4 25. dxe5 Nxd3 26. exd6 Rc8 27. Rf3
Rxc7 28. dxc7 Nc5 29. Ne5 Bc8 30. Rf2 Nxe4 31. Rxh2 Rxh2+ 32. Kxh2 Ke7 33. Kg2
Kd6 34. Nd3 Kxc7 35. Kf3 Nd6 36. b3 Bf5 37. Nb2 Bb1 38. a4 Ne4 39. axb5 axb5
40. Ke3 Nxc3 41. Kd4 Ne4 0-1

[Event "SG Porz 2 - Klub Kölner SF 1"]
[Site "Oberliga NRW 2016/2017"]
[Date "2016.09.25"]
[Round "1.2"]
[White "Rotstein, Arkadij"]
[Black "Morawietz, Dieter"]
[Result "1-0"]
[WhiteElo "2480"]
[BlackElo "2406"]
[PlyCount "65"]
[EventDate "2016.??.??"]
[WhiteTeam "SG Porz 2"]
[BlackTeam "Klub Kölner SF 1"]

1. c4 c5 2. g3 Nc6 3. Bg2 g6 4. e3 Bg7 5. Ne2 d6 6. Nbc3 Nh6 7. d3 Rb8 8. a3
Bd7 9. Rb1 a6 10. b4 b5 11. cxb5 axb5 12. bxc5 dxc5 13. O-O Na5 14. Ne4 Rc8 15.
Bd2 O-O 16. N2c3 c4 17. Nd5 Re8 18. Qe1 Ra8 19. Nc5 Bc6 20. Bxa5 Rxa5 21. Nf6+
exf6 22. Bxc6 Re7 23. dxc4 bxc4 24. Nb7 Rxb7 25. Rxb7 Rc5 26. Bd7 c3 27. Qb1
Bf8 28. Rc1 f5 29. Qb3 Qf6 30. Rb8 Qd6 31. Ba4 Kg7 32. Rxc3 Qxb8 33. Qxb8 1-0

[Event "SG Porz 2 - Klub Kölner SF 1"]
[Site "Oberliga NRW 2016/2017"]
[Date "2016.09.25"]
[Round "1.3"]
[White "Wacker, Peter"]
[Black "Malykin, Vitaly"]
[Result "1-0"]
[WhiteElo "2283"]
[BlackElo "2367"]
[PlyCount "73"]
[EventDate "2016.??.??"]
[WhiteTeam "Klub Kölner SF 1"]
[BlackTeam "SG Porz 2"]

1. e4 g6 2. Nc3 Bg7 3. f4 d6 4. Nf3 e5 5. fxe5 dxe5 6. Bc4 c6 7. a4 Bg4 8. d3
Nf6 9. Bxf7+ Ke7 10. Bc4 Nbd7 11. Be3 Rf8 12. O-O Nh5 13. h3 Bxf3 14. Rxf3 Nf4
15. Kh2 Kd6 16. Ne2 Kc7 17. g3 Nh5 18. Rxf8 Qxf8 19. Qd2 Qf3 20. Rg1 Bf8 21.
Rg2 Bc5 22. d4 exd4 23. Nxd4 Bxd4 24. Bxd4 Re8 25. Qa5+ Kc8 26. Bd3 a6 27. Qg5
c5 28. Bxc5 Ne5 29. Qe3 Nf6 30. Qe2 Rd8 31. Qxf3 Nxf3+ 32. Kh1 Ne1 33. Rf2 Nd7
34. Bd6 Nb6 35. e5 Nxa4 36. Bc4 b5 37. Be6+ 1-0

[Event "SG Porz 2 - Klub Kölner SF 1"]
[Site "Oberliga NRW 2016/2017"]
[Date "2016.09.25"]
[Round "1.4"]
[White "Korotkjevich, Stanislav"]
[Black "Helbig, Mark"]
[Result "1/2-1/2"]
[WhiteElo "2354"]
[BlackElo "2317"]
[PlyCount "41"]
[EventDate "2016.??.??"]
[WhiteTeam "SG Porz 2"]
[BlackTeam "Klub Kölner SF 1"]

1. d4 Nf6 2. Nf3 e6 3. c4 b6 4. a3 Bb7 5. Nc3 d5 6. cxd5 exd5 7. g3 Be7 8. Bg2
O-O 9. O-O Re8 10. Bf4 Bd6 11. Rc1 a6 12. b4 Qe7 13. Qb3 Nbd7 14. Rc2 Rab8 15.
Rd1 Bxf4 16. gxf4 c5 17. Ne5 c4 18. Qb1 b5 19. Rcd2 Nb6 20. Kh1 Rbd8 21. e3
1/2-1/2

[Event "SG Porz 2 - Klub Kölner SF 1"]
[Site "Oberliga NRW 2016/2017"]
[Date "2016.09.25"]
[Round "1.5"]
[White "Bayer, Ernst-Wolfgang"]
[Black "Pauly, Carlo"]
[Result "0-1"]
[WhiteElo "2251"]
[BlackElo "2218"]
[PlyCount "118"]
[EventDate "2016.??.??"]
[WhiteTeam "Klub Kölner SF 1"]
[BlackTeam "SG Porz 2"]

1. Nf3 Nf6 2. g3 g6 3. b3 Bg7 4. Bb2 O-O 5. c4 d6 6. d4 Nc6 7. d5 Na5 8. Bg2 c5
9. dxc6 Nxc6 10. O-O Bf5 11. Nd4 Be4 12. Bxe4 Nxe4 13. Nxc6 bxc6 14. Bxg7 Kxg7
15. Qd4+ Nf6 16. Nc3 Qa5 17. Rfd1 Qf5 18. Qd3 Qh3 19. Qf3 Rac8 20. Rd4 Qe6 21.
Rad1 h5 22. Kg2 h4 23. g4 Nd7 24. h3 f5 25. g5 f4 26. Rxf4 Qe5 27. Rxf8 Rxf8
28. Qe3 Qxe3 29. fxe3 Rf5 30. Ne4 Nc5 31. Nxc5 Rxg5+ 32. Kf3 Rxc5 33. Rd4 g5
34. Re4 Kf6 35. Kg4 Ra5 36. a4 c5 37. Kh5 Ra6 38. Rg4 Rb6 39. Rxg5 Rxb3 40.
Kxh4 Rxe3 41. Rg3 Rxe2 42. Rf3+ Kg6 43. Rg3+ Kh6 44. Rb3 Re4+ 45. Kg3 Rxc4 46.
Rb7 Rxa4 47. Rxe7 Kg5 48. Rd7 Ra3+ 49. Kg2 Rd3 50. Rxa7 c4 51. Rg7+ Kf5 52.
Rf7+ Ke6 53. Rc7 d5 54. h4 Kf5 55. Rg7 Rd4 56. Rg5+ Kf4 57. Kf2 c3 58. Ke2 Rd2+
59. Ke1 d4 0-1

[Event "SG Porz 2 - Klub Kölner SF 1"]
[Site "Oberliga NRW 2016/2017"]
[Date "2016.09.25"]
[Round "1.6"]
[White "Gallinnis, Norbert"]
[Black "Bonnmann, Reinhard"]
[Result "0-1"]
[WhiteElo "2131"]
[BlackElo "2243"]
[PlyCount "62"]
[EventDate "2016.??.??"]
[WhiteTeam "SG Porz 2"]
[BlackTeam "Klub Kölner SF 1"]

1. e4 c5 2. d3 Nc6 3. f3 Nf6 4. Be3 d5 5. Qd2 e5 6. g4 Be7 7. h4 Be6 8. h5 d4
9. Bf2 b5 10. Ne2 Nd7 11. Ng3 Bg5 12. Qd1 c4 13. Nd2 c3 14. bxc3 dxc3 15. Nb3
Bxb3 16. axb3 Bd2+ 17. Ke2 Nd4+ 18. Bxd4 exd4 19. Kf2 Qg5 20. Nf5 O-O 21. Ra6
g6 22. Ng3 Nc5 23. Rc6 Ne6 24. Rh2 a5 25. hxg6 hxg6 26. Be2 Be3+ 27. Kg2 Nf4+
28. Kh1 Kg7 29. Nf1 Rh8 30. Qe1 Rxh2+ 31. Nxh2 a4 0-1

[Event "SG Porz 2 - Klub Kölner SF 1"]
[Site "Oberliga NRW 2016/2017"]
[Date "2016.09.25"]
[Round "1.7"]
[White "Wisskirchen, Andreas"]
[Black "Wagenknecht, Uwe"]
[Result "1/2-1/2"]
[WhiteElo "2176"]
[BlackElo "2176"]
[PlyCount "101"]
[EventDate "2016.??.??"]
[WhiteTeam "Klub Kölner SF 1"]
[BlackTeam "SG Porz 2"]

1. d4 Nf6 2. Nf3 g6 3. c4 Bg7 4. Nc3 O-O 5. e4 d6 6. Be2 c5 7. O-O Bg4 8. Be3
Nbd7 9. Qd2 Qc7 10. b3 a6 11. h3 Bxf3 12. Bxf3 e6 13. Rfd1 Rfd8 14. Rac1 Rab8
15. a4 Qb6 16. Rb1 Qb4 17. Qb2 Qa5 18. b4 Qc7 19. Be2 e5 20. dxc5 dxc5 21. b5
h6 22. Nd5 Nxd5 23. Rxd5 axb5 24. Qxb5 b6 25. f3 g5 26. Rbd1 Nf8 27. a5 bxa5
28. Qxc5 Qxc5 29. Bxc5 Rdc8 30. Bd6 Rb2 31. R1d2 Rxd2 32. Rxd2 Ne6 33. Ra2 Ra8
34. Bb4 a4 35. Bd1 Bf8 36. Bxf8 Kxf8 37. Rxa4 Rxa4 38. Bxa4 h5 39. g3 h4 40.
Kg2 Ke7 41. Bc6 Nd4 42. Bd5 f6 43. c5 Kd7 44. gxh4 gxh4 45. Kf2 Kc7 46. Ke3
Nc2+ 47. Ke2 Nd4+ 48. Kf2 Kd7 49. Ke3 Nc2+ 50. Kd2 Nd4 51. Ke3 1/2-1/2

[Event "SG Porz 2 - Klub Kölner SF 1"]
[Site "Oberliga NRW 2016/2017"]
[Date "2016.09.25"]
[Round "1.8"]
[White "Liard, Thibaud"]
[Black "Ludwig, Peter"]
[Result "0-1"]
[WhiteElo "2129"]
[BlackElo "2114"]
[PlyCount "106"]
[EventDate "2016.??.??"]
[WhiteTeam "SG Porz 2"]
[BlackTeam "Klub Kölner SF 1"]

1. d4 Nf6 2. c4 e6 3. g3 Bb4+ 4. Bd2 a5 5. Bg2 d5 6. Nf3 dxc4 7. O-O O-O 8. Qc2
Bxd2 9. Nbxd2 b5 10. a4 c6 11. e4 Na6 12. e5 Nb4 13. Qb1 Nfd5 14. Ne4 Ba6 15.
Rd1 Nd3 16. Bf1 N5b4 17. h4 Qd5 18. Ned2 c5 19. axb5 Bxb5 20. dxc5 Qxc5 21. Ne4
Qd5 22. Ned2 Bc6 23. Bg2 Rfd8 24. Nf1 Qc5 25. Ne3 Nd5 26. Nxc4 Nxf2 27. Rd4 Ng4
28. Kh1 f5 29. exf6 Ndxf6 30. Rxa5 Qe7 31. Rxa8 Rxa8 32. Nce5 Nxe5 33. Nxe5
Bxg2+ 34. Kxg2 Qc5 35. Nf3 e5 36. Qf5 Re8 37. Rd2 Qb4 38. Re2 e4 39. Ng5 Qc4
40. Qf1 Ng4 41. Re1 Qd5 42. Qe2 e3+ 43. Qf3 Qd2+ 44. Re2 Qd7 45. Qf4 h6 46.
Qc4+ Kh8 47. Nf3 Qf5 48. Qf4 Qd3 49. Nd4 Nf6 50. Re1 Re4 51. Qb8+ Kh7 52. Nf3
Qc2+ 53. Kh3 Qf2 0-1

[Event "Oberhausener SV 1 - Klub Kölner SF 1"]
[Site "Oberliga NRW 2016/2017"]
[Date "2016.10.23"]
[Round "2.2"]
[White "Becker, Marcel"]
[Black "Morawietz, Dieter"]
[Result "0-1"]
[WhiteElo "2335"]
[BlackElo "2406"]
[PlyCount "68"]
[EventDate "2016.??.??"]
[WhiteTeam "Oberhausener SV 1"]
[BlackTeam "Klub Kölner SF 1"]

1. d4 Nf6 2. c4 e6 3. Nc3 Bb4 4. e3 b6 5. Bd3 Bb7 6. Nf3 c5 7. O-O O-O 8. Na4
cxd4 9. exd4 Re8 10. Bf4 Bf8 11. Re1 d6 12. a3 Nbd7 13. Nc3 a6 14. b4 g6 15. h3
Rc8 16. Bh2 Rc7 17. a4 e5 18. Bf1 exd4 19. Rxe8 Qxe8 20. Nxd4 Ne5 21. Nd5 Nxd5
22. cxd5 Bxd5 23. a5 bxa5 24. Rxa5 Bc4 25. Qe1 Qc8 26. Ra1 Bxf1 27. Qxf1 Rc4
28. f4 Nd7 29. Nf3 d5 30. Nd2 Rxb4 31. Qxa6 Qc2 32. Nf3 Rb1+ 33. Rxb1 Qxb1+ 34.
Kf2 Nc5 0-1

[Event "Oberhausener SV 1 - Klub Kölner SF 1"]
[Site "Oberliga NRW 2016/2017"]
[Date "2016.10.23"]
[Round "2.3"]
[White "Wacker, Peter"]
[Black "Litwak, Aleksej"]
[Result "1/2-1/2"]
[WhiteElo "2245"]
[BlackElo "2280"]
[PlyCount "54"]
[EventDate "2016.??.??"]
[WhiteTeam "Klub Kölner SF 1"]
[BlackTeam "Oberhausener SV 1"]

1. e4 c5 2. Nf3 d6 3. g3 Nf6 4. Qe2 Nc6 5. c3 Bg4 6. d3 e6 7. Nbd2 Be7 8. h3
Bh5 9. Bg2 O-O 10. O-O b5 11. g4 Bg6 12. Nh4 Nd7 13. Nxg6 hxg6 14. f4 g5 15.
Nf3 gxf4 16. Bxf4 Nde5 17. Rad1 Nxf3+ 18. Qxf3 e5 19. Bg3 Bh4 20. Bh2 a5 21.
Kh1 a4 22. a3 Rc8 23. Bg1 Bf6 24. Be3 Bg5 25. Bf2 Bh4 26. Be3 Bg5 27. Bf2 Bh4
1/2-1/2

[Event "Oberhausener SV 1 - Klub Kölner SF 1"]
[Site "Oberliga NRW 2016/2017"]
[Date "2016.10.23"]
[Round "2.4"]
[White "Kaufeld, Juergen"]
[Black "Helbig, Mark"]
[Result "0-1"]
[WhiteElo "2279"]
[BlackElo "2317"]
[Annotator "Hausrath,Daniel"]
[PlyCount "98"]
[EventDate "2016.??.??"]
[WhiteTeam "Oberhausener SV 1"]
[BlackTeam "Klub Kölner SF 1"]

1. e4 c6 2. d4 d5 3. e5 Bf5 4. h4 h5 5. Bd3 Bxd3 6. Qxd3 e6 7. Bg5 Qa5+ 8. Nd2
Ne7 9. Ngf3 c5 10. O-O c4 11. Qe2 Nbc6 12. c3 b5 13. Rfc1 Nf5 14. b3 Ba3 15.
Rc2 Rc8 16. Nf1 Be7 17. bxc4 bxc4 18. Ne3 Nxe3 19. fxe3 Rb8 20. Rf1 Rb7 21. e4
dxe4 22. Bxe7 Nxe7 23. Ng5 Nf5 24. Nxe4 Rc7 25. Rb2 Ke7 26. Qd2 f6 27. exf6+
gxf6 28. Nc5 Rd8 29. Qe1 Rxc5 30. dxc5 Qxc5+ 31. Qf2 Qxf2+ 32. Rfxf2 Rd7 33.
Rfd2 Rc7 34. Rb4 e5 35. Rdb2 Nd6 36. Rb8 Ke6 37. a4 Ne4 38. Rc2 Kf5 39. a5 Kf4
40. Rb1 Rc5 41. Ra1 Ke3 42. a6 $11 Rb5 43. Kf1 Kd3 44. Rcc1 Nxc3 45. Ra3 Rb3
46. Rxb3 cxb3 47. g4 b2 48. Re1 hxg4 49. h5 Ne4 0-1

[Event "Oberhausener SV 1 - Klub Kölner SF 1"]
[Site "Oberliga NRW 2016/2017"]
[Date "2016.10.23"]
[Round "2.5"]
[White "Bayer, Ernst-Wolfgang"]
[Black "Kummerow, Heiko"]
[Result "1-0"]
[WhiteElo "2251"]
[BlackElo "2194"]
[PlyCount "93"]
[EventDate "2016.??.??"]
[WhiteTeam "Klub Kölner SF 1"]
[BlackTeam "Oberhausener SV 1"]

1. Nf3 Nf6 2. g3 g6 3. b3 Bg7 4. Bb2 O-O 5. c4 d6 6. d4 c5 7. Bg2 cxd4 8. Nxd4
d5 9. cxd5 Nxd5 10. O-O Nc7 11. Na3 Qd7 12. Rc1 Rd8 13. Qc2 Ne6 14. Nxe6 Qxe6
15. Bxg7 Kxg7 16. Qc7 Re8 17. Bxb7 Bxb7 18. Qxb7 Nd7 19. Rfd1 Nf6 20. Qf3 Qa6
21. b4 Rab8 22. b5 Qe6 23. Rc2 Rec8 24. Rdc1 Rxc2 25. Rxc2 Qd6 26. Qd3 Qe6 27.
Qc4 Qd6 28. Qc7 Qd1+ 29. Kg2 Rd8 30. Qxe7 Rd7 31. Qe5 Rd5 32. Qb2 Rf5 33. f3 h5
34. Rc1 Qd7 35. e4 Re5 36. Rc6 h4 37. Rxf6 h3+ 38. Kf2 Kh7 39. Rc6 Qd1 40. Rc1
Qd8 41. Qc3 Qd7 42. Rc2 Re6 43. Rd2 Rd6 44. Rxd6 Qxd6 45. Nc2 Qd1 46. Ne1 Qb1
47. Qb3 1-0

[Event "Oberhausener SV 1 - Klub Kölner SF 1"]
[Site "Oberliga NRW 2016/2017"]
[Date "2016.10.23"]
[Round "2.6"]
[White "Stillger, Bernhard"]
[Black "Zuse, Peter"]
[Result "1/2-1/2"]
[WhiteElo "2234"]
[BlackElo "2145"]
[PlyCount "66"]
[EventDate "2016.??.??"]
[WhiteTeam "Oberhausener SV 1"]
[BlackTeam "Klub Kölner SF 1"]

1. Nf3 Nf6 2. c4 b6 3. g3 Bb7 4. Bg2 c5 5. O-O e6 6. Nc3 Be7 7. d4 cxd4 8. Qxd4
d6 9. Bg5 a6 10. Bxf6 Bxf6 11. Qf4 O-O 12. Rfd1 Be7 13. Ne4 Bxe4 14. Qxe4 Ra7
15. Nd4 Rd7 16. Qb1 Qc7 17. b3 Bf6 18. a4 Bxd4 19. Rxd4 Qc5 20. Qd3 a5 21. Rd1
Rfd8 22. Qf3 Na6 23. Qc6 Nb4 24. Qb5 Kf8 25. Bf3 Ke7 26. R4d2 h6 27. Rc1 Rc7
28. Rcd1 Rdd7 29. e3 g6 30. Bg2 Rd8 31. Bf3 Rcd7 32. Rc1 Rc7 33. Rcd1 Rcd7
1/2-1/2

[Event "Oberhausener SV 1 - Klub Kölner SF 1"]
[Site "Oberliga NRW 2016/2017"]
[Date "2016.10.23"]
[Round "2.7"]
[White "Bonnmann, Reinhard"]
[Black "Ciornei, Dragos"]
[Result "1/2-1/2"]
[WhiteElo "2243"]
[BlackElo "2124"]
[PlyCount "43"]
[EventDate "2016.??.??"]
[WhiteTeam "Klub Kölner SF 1"]
[BlackTeam "Oberhausener SV 1"]

1. d4 Nf6 2. c4 g6 3. Nc3 Bg7 4. e4 O-O 5. Nf3 d6 6. Be2 Nbd7 7. O-O e5 8. Be3
exd4 9. Nxd4 Re8 10. f3 c6 11. Nc2 Nb6 12. Bf2 Be6 13. Na3 d5 14. exd5 cxd5 15.
c5 Nc4 16. Nxc4 dxc4 17. Qa4 Nd5 18. Bxc4 Nxc3 19. bxc3 Bxc3 20. Rad1 Qa5 21.
Qxa5 Bxa5 22. Bxe6 1/2-1/2

[Event "Oberhausener SV 1 - Klub Kölner SF 1"]
[Site "Oberliga NRW 2016/2017"]
[Date "2016.10.23"]
[Round "2.8"]
[White "Voge, Andreas"]
[Black "Wisskirchen, Andreas"]
[Result "1-0"]
[WhiteElo "2099"]
[BlackElo "2176"]
[PlyCount "81"]
[EventDate "2016.??.??"]
[WhiteTeam "Oberhausener SV 1"]
[BlackTeam "Klub Kölner SF 1"]

1. e4 c5 2. Nf3 d6 3. d4 cxd4 4. Nxd4 Nf6 5. Nc3 g6 6. Be3 Bg7 7. f3 O-O 8. Qd2
Nc6 9. O-O-O Nxd4 10. Bxd4 Be6 11. Kb1 Qc7 12. g4 Rfc8 13. h4 Qa5 14. a3 Rab8
15. h5 Bc4 16. hxg6 hxg6 17. g5 Nh5 18. Bxg7 Kxg7 19. Bh3 Be6 20. Qd4+ Qe5 21.
Qxe5+ dxe5 22. Bxe6 fxe6 23. Rd7 Kf8 24. Ne2 Ke8 25. Rhd1 Rd8 26. Rxd8+ Rxd8
27. Rxd8+ Kxd8 28. c4 Kd7 29. Kc2 Kd6 30. b4 b6 31. Kd3 a6 32. Ke3 Ng7 33. Nc1
Nh5 34. Nd3 Nf4 35. c5+ bxc5 36. bxc5+ Kc7 37. Nxf4 exf4+ 38. Kxf4 Kc6 39. Ke5
Kxc5 40. Kxe6 Kc4 41. Kxe7 1-0

[Event "Godesberger SK 1 - SV Dinslaken 1"]
[Site "Oberliga NRW 2016/2017"]
[Date "2016.10.23"]
[Round "2.1"]
[White "Sielecki, Christof"]
[Black "Wecker, Martin"]
[Result "1-0"]
[WhiteElo "2393"]
[BlackElo "2138"]
[PlyCount "45"]
[EventDate "2016.??.??"]
[WhiteTeam "SV Dinslaken 1"]
[BlackTeam "Godesberger SK 1"]

1. c4 c5 2. Nf3 Nc6 3. Nc3 g6 4. e3 Nf6 5. d4 cxd4 6. exd4 d5 7. cxd5 Nxd5 8.
Qb3 e6 9. Bg5 Be7 10. Bh6 Bf8 11. Bxf8 Kxf8 12. Bb5 Qd6 13. Nxd5 exd5 14. Bxc6
bxc6 15. O-O Kg7 16. Rac1 Bd7 17. Rfe1 Rhe8 18. Qc3 Rxe1+ 19. Rxe1 a5 20. Ne5
f6 21. Nd3 Kf7 22. Nc5 Rb8 23. Qxa5 1-0

[Event "Godesberger SK 1 - SV Dinslaken 1"]
[Site "Oberliga NRW 2016/2017"]
[Date "2016.10.23"]
[Round "2.2"]
[White "Mueller, Marco"]
[Black "Tereick, Benjamin"]
[Result "0-1"]
[WhiteElo "2167"]
[BlackElo "2405"]
[PlyCount "68"]
[EventDate "2016.??.??"]
[WhiteTeam "Godesberger SK 1"]
[BlackTeam "SV Dinslaken 1"]

1. d4 d5 2. c4 dxc4 3. e4 Nf6 4. e5 Nd5 5. Bxc4 Nc6 6. Nc3 Nb6 7. Bb5 Bd7 8.
Nf3 e6 9. O-O Nb4 10. Be2 Bc6 11. a3 N4d5 12. Qc2 Qd7 13. Ne4 Bb5 14. Bxb5 Qxb5
15. Bd2 a5 16. a4 Qc4 17. Qb1 Nd7 18. Rc1 Qa6 19. Nc3 Nxc3 20. bxc3 Nb6 21. Qe4
Nc4 22. Rab1 Qc6 23. Qd3 Be7 24. Bg5 f6 25. Bh4 fxe5 26. dxe5 Bxh4 27. Nxh4 Rd8
28. Qg3 O-O 29. Nf3 Nd2 30. Nd4 Qc4 31. Ra1 c5 32. Qe3 cxd4 33. Qxd2 dxc3 34.
Qxc3 Rd1+ 0-1

[Event "Godesberger SK 1 - SV Dinslaken 1"]
[Site "Oberliga NRW 2016/2017"]
[Date "2016.10.23"]
[Round "2.3"]
[White "Trella, Thomas"]
[Black "Koehler, Christian Friedrich"]
[Result "1-0"]
[WhiteElo "2368"]
[BlackElo "2135"]
[Annotator "Hausrath,Daniel"]
[PlyCount "76"]
[EventDate "2016.??.??"]
[WhiteTeam "SV Dinslaken 1"]
[BlackTeam "Godesberger SK 1"]

1. c4 c6 2. Nf3 d5 3. g3 Nf6 4. Bg2 Bf5 5. O-O e6 6. d3 Be7 7. Be3 O-O 8. Qb3
b6 9. h3 h6 10. Nc3 Bh7 11. Qa4 Qd7 12. Bxb6 Qb7 13. Bd4 Nbd7 14. cxd5 exd5 15.
Ne5 Nxe5 16. Bxe5 Nd7 17. Bd4 Nc5 18. Bxc5 Bxc5 19. Qc2 Rac8 20. Rac1 Bf5 21.
Qd2 Bd6 22. e4 Be6 23. exd5 Bxd5 24. Bxd5 cxd5 25. Ne2 Bb4 26. Qf4 Be7 $11 27.
Rxc8 Rxc8 28. Rc1 Rxc1+ 29. Qxc1 Qa6 30. Qb1 Qe6 31. Nf4 Qf5 32. Kg2 g5 33. Nh5
Bc5 34. Qc2 Bd4 35. b3 Qe6 36. g4 f5 37. gxf5 Qxf5 38. Ng3 Be5 1-0

[Event "Godesberger SK 1 - SV Dinslaken 1"]
[Site "Oberliga NRW 2016/2017"]
[Date "2016.10.23"]
[Round "2.4"]
[White "Zupcevic, Samir"]
[Black "Mundorf, Johannes"]
[Result "1-0"]
[WhiteElo "2104"]
[BlackElo "2207"]
[PlyCount "105"]
[EventDate "2016.??.??"]
[WhiteTeam "Godesberger SK 1"]
[BlackTeam "SV Dinslaken 1"]

1. e4 e6 2. d4 d5 3. Nc3 Nc6 4. Nf3 Nf6 5. e5 Ne4 6. Ne2 f6 7. Ng3 fxe5 8. Bb5
Be7 9. Nxe4 dxe4 10. Nxe5 O-O 11. Nxc6 bxc6 12. Bxc6 Ba6 13. Bxe4 Bb4+ 14. c3
Qh4 15. Qc2 e5 16. g3 Qf6 17. dxe5 Qxe5 18. Be3 Rae8 19. Qb3+ Kh8 20. Qxb4 Qh5
21. c4 c5 22. Qxc5 Qxc5 23. Bxc5 Rxe4+ 24. Be3 Bxc4 25. b3 Be6 26. O-O-O a5 27.
Rd3 a4 28. Kb2 axb3 29. axb3 h5 30. Rhd1 Kh7 31. Rd4 Re5 32. Rb4 Rf7 33. Rd2 g5
34. h4 gxh4 35. gxh4 Kg6 36. Rd6 Rd7 37. Rxd7 Bxd7 38. Rd4 Bb5 39. b4 Kf5 40.
Kc3 Re4 41. Rd5+ Re5 42. Kd4 Rxd5+ 43. Kxd5 Kg4 44. Bg5 Kf3 45. Kc5 Be2 46. b5
Kxf2 47. Kc6 Kg3 48. b6 Kg4 49. b7 Bf3+ 50. Kc7 Bxb7 51. Kxb7 Kf5 52. Kc7 Ke6
53. Kc6 1-0

[Event "Godesberger SK 1 - SV Dinslaken 1"]
[Site "Oberliga NRW 2016/2017"]
[Date "2016.10.23"]
[Round "2.5"]
[White "Walter, Andreas"]
[Black "Stenzel, Thomas"]
[Result "0-1"]
[WhiteElo "2129"]
[BlackElo "2036"]
[PlyCount "38"]
[EventDate "2016.??.??"]
[WhiteTeam "SV Dinslaken 1"]
[BlackTeam "Godesberger SK 1"]

1. d4 d5 2. c4 Nc6 3. e3 e5 4. dxe5 d4 5. a3 Nge7 6. Nf3 Bg4 7. Be2 d3 8. Qxd3
Qxd3 9. Bxd3 O-O-O 10. Be2 Bxf3 11. gxf3 Nxe5 12. Nc3 g5 13. h4 gxh4 14. Bd2
N7g6 15. f4 Nd3+ 16. Bxd3 Rxd3 17. Ke2 Rd7 18. f5 Ne5 19. Rxh4 Rxd2+ 0-1

[Event "Godesberger SK 1 - SV Dinslaken 1"]
[Site "Oberliga NRW 2016/2017"]
[Date "2016.10.23"]
[Round "2.6"]
[White "Hemmann, Arnold"]
[Black "Ossig, Rainer"]
[Result "1/2-1/2"]
[WhiteElo "2095"]
[BlackElo "2138"]
[PlyCount "47"]
[EventDate "2016.??.??"]
[WhiteTeam "Godesberger SK 1"]
[BlackTeam "SV Dinslaken 1"]

1. e4 e6 2. d4 d5 3. exd5 exd5 4. Bd3 Nc6 5. c3 Bd6 6. Qf3 Be6 7. Ne2 Qf6 8.
Bf4 O-O-O 9. Nd2 h6 10. O-O-O g5 11. Bxd6 Rxd6 12. Rde1 Qxf3 13. Nxf3 Nf6 14.
Ng3 Ne7 15. Ne5 Re8 16. Re2 Nd7 17. Nxd7 Bxd7 18. Rhe1 Re6 19. Rxe6 fxe6 20. f3
Rf8 21. Kd2 Rf4 22. h3 Kd8 23. Nh5 Rf7 24. Ng3 1/2-1/2

[Event "Godesberger SK 1 - SV Dinslaken 1"]
[Site "Oberliga NRW 2016/2017"]
[Date "2016.10.23"]
[Round "2.7"]
[White "Hoenig, Alexander"]
[Black "Kummer, Wolfram"]
[Result "1/2-1/2"]
[WhiteElo "2133"]
[BlackElo "2054"]
[Annotator "Hausrath,Daniel"]
[PlyCount "109"]
[EventDate "2016.??.??"]
[WhiteTeam "SV Dinslaken 1"]
[BlackTeam "Godesberger SK 1"]

1. d4 Nf6 2. Nf3 b5 3. Bf4 Bb7 4. e3 a6 5. Nbd2 e6 6. Bd3 c5 7. c3 d6 8. e4 Be7
9. Qe2 Nbd7 10. h3 Nf8 11. dxc5 dxc5 12. Ne5 c4 13. Bc2 Ng6 14. Nxg6 hxg6 15.
O-O Nd7 16. Rfd1 Qb6 17. e5 Nc5 18. Ne4 Qc6 19. f3 Nxe4 20. Bxe4 Qb6+ 21. Kf1
Bc6 22. Be3 Qb7 23. Rd4 O-O 24. Rad1 Rfd8 $11 25. Rxd8+ Rxd8 26. Rxd8+ Bxd8 27.
Qd2 Be7 28. Bxc6 Qxc6 29. Qd4 Qb7 30. h4 Qc7 31. Ke2 Qd8 32. Qxd8+ Bxd8 33. g3
Be7 34. Bb6 Kf8 35. Ke3 Ke8 36. Kd4 f5 37. exf6 gxf6 38. g4 Kf7 39. a4 Bd6 40.
a5 Ke8 41. h5 gxh5 42. gxh5 Bf4 43. Bc5 Bh6 44. Ke4 Kd7 45. f4 f5+ 46. Kf3 Ke8
47. Bd4 Ke7 48. Be5 Bf8 49. Ke3 Kd7 50. Bf6 Bc5+ 51. Kf3 Bf8 52. Kg3 Ke8 53.
Kf3 Kf7 54. Be5 Ke8 55. Ke3 1/2-1/2

[Event "Godesberger SK 1 - SV Dinslaken 1"]
[Site "Oberliga NRW 2016/2017"]
[Date "2016.10.23"]
[Round "2.8"]
[White "Kutzner, Stephen"]
[Black "Borchert, Rene"]
[Result "0-1"]
[WhiteElo "2009"]
[BlackElo "2115"]
[PlyCount "110"]
[EventDate "2016.??.??"]
[WhiteTeam "Godesberger SK 1"]
[BlackTeam "SV Dinslaken 1"]

1. e4 e5 2. Nf3 Nc6 3. Bb5 a6 4. Ba4 Nf6 5. O-O Be7 6. Re1 b5 7. Bb3 d6 8. c3
O-O 9. h3 Bb7 10. d4 Re8 11. Nbd2 h6 12. Nf1 Bf8 13. Ng3 Na5 14. Bc2 c5 15. a4
cxd4 16. cxd4 b4 17. b3 exd4 18. Nxd4 d5 19. e5 Ne4 20. Nxe4 dxe4 21. Bxe4 Bxe4
22. Rxe4 Qd5 23. Qf3 Rxe5 24. Rxe5 Qxe5 25. Bb2 Re8 26. Rd1 Qe4 27. Qxe4 Rxe4
28. f3 Re8 29. Rc1 Bd6 30. Nf5 Be5 31. Bxe5 Rxe5 32. Nd6 Nxb3 33. Rc8+ Kh7 34.
Nxf7 Rd5 35. f4 Nd4 36. Kf2 Ne6 37. Rh8+ Kg6 38. Ne5+ Kf5 39. Ke3 a5 40. Rb8
Nxf4 41. Ng4 Kg5 42. Ke4 Rc5 43. Ne3 Ne2 44. Rb7 g6 45. Rb6 Nc3+ 46. Kf3 h5 47.
h4+ Kh6 48. g4 hxg4+ 49. Nxg4+ Kh5 50. Kg3 Ne2+ 51. Kf3 Ng1+ 52. Kg2 Kxg4 53.
Kxg1 Kxh4 54. Kf2 g5 55. Kf3 Rc3+ 0-1